El comienzo de la vida humana: bioética teológica

Uloženo v:
Podrobná bibliografie
Hlavní autor: Vico Peinado, José (Autor)
Médium: Kniha
Jazyk:španělština
Vydáno: Santiago Paulinas 1991
Témata:
Tagy: Přidat tag
Žádné tagy, Buďte první, kdo vytvoří štítek k tomuto záznamu!

MARC

LEADER 00000nam a2200000 a 4500
001 UCU1851
003 CL-VaPUC
008 960412e19910000CL |||||||||||||||||spa|d
082 0 4 |a 174.9  |b VIC  |2 21 
100 0 |a Vico Peinado, José  |e author  |9 357638 
245 1 3 |a El comienzo de la vida humana: bioética teológica 
300 |a 255 p 
942 |c BK 
945 |d 19960412 00:00:00  |a aalvarez 
260 |a Santiago  |b Paulinas  |c 1991 
650 0 |a Vida humana  |9 334108 
650 0 |a Bioética  |9 256117 
650 0 |a Ética médica  |9 312024 
583 |a last modification  |c 19960412 00:00:00  |k Rodrigo Vera 
999 |c 246326  |d 246324 
952 |0 0  |1 0  |4 0  |6 174_900000000000000_VIC_1991  |7 0  |8 A  |9 261210  |a BIBTEO  |b BIBTEO  |d 2019-11-19  |i 3179095  |o 174.9 VIC 1991  |p 3179095  |r 2025-01-17  |w 2019-11-19  |y BK  |k ICR